Cách xử thế của người nay

Vấn đề xử thế trong xã hội ngày nay: Từ tâm lí con người tới cách diệt những thói xấu, tập những thói tốt, cách trao đổi ý kiến với người khác, giao thiệp, giữ sự quân bình tinh thần và thể chất.....

Descripción completa

Guardado en:
Detalles Bibliográficos
Autor principal: Ingram, K.C
Otros Autores: Nguyễn, Hiến Lê
Formato: Libro
Lenguaje:Undetermined
Publicado: H. Văn hóa Thông tin 2018
Materias:
Acceso en línea:http://lrc.tdmu.edu.vn/opac/search/detail.asp?aID=2&ID=35556
Etiquetas: Agregar Etiqueta
Sin Etiquetas, Sea el primero en etiquetar este registro!
Thư viện lưu trữ: Trung tâm Học liệu Trường Đại học Thủ Dầu Một
LEADER 01024nam a2200217Ia 4500
001 TDMU_35556
008 210410s9999 xx 000 0 und d
082 |a 153.4 
090 |b I311 
100 |a Ingram, K.C 
245 0 |a Cách xử thế của người nay 
245 0 |c K.C Ingram; Nguyễn Hiến Lê (lược dịch) 
260 |a H. 
260 |b Văn hóa Thông tin 
260 |c 2018 
300 |a 403tr. 
520 |a Vấn đề xử thế trong xã hội ngày nay: Từ tâm lí con người tới cách diệt những thói xấu, tập những thói tốt, cách trao đổi ý kiến với người khác, giao thiệp, giữ sự quân bình tinh thần và thể chất.. 
650 |a Tâm lí học  |x Giao tiếp  |x Ứng xử 
700 |a Nguyễn, Hiến Lê 
856 |u http://lrc.tdmu.edu.vn/opac/search/detail.asp?aID=2&ID=35556 
980 |a Trung tâm Học liệu Trường Đại học Thủ Dầu Một